[Event "Niederbayernliga 1415"]
[Site "Bayern"]
[Date "2015.04.12"]
[Round "9.6"]
[White "Fuchsgruber, Helmut"]
[Black "Leyerseder, Lothar"]
[Result "1/2-1/2"]
[WhiteElo "1766"]
[BlackElo "1655"]
[PlyCount "33"]
[EventDate "2014.10.19"]
[EventType "team-tourn"]
[EventRounds "9"]
[EventCountry "GER"]
[SourceTitle "EXT 2023"]
[Source "ChessBase"]
[SourceDate "2022.10.05"]
[SourceVersion "1"]
[SourceVersionDate "2022.10.05"]
[SourceQuality "1"]
[WhiteTeam "Landau Dingolfing"]
[BlackTeam "Schaibing"]
[WhiteTeamCountry "GER"]
[BlackTeamCountry "GER"]

1. d4 g6 2. Nf3 Bg7 3. c4 d6 4. Nc3 Nf6 5. e4 c6 6. Be2 Nbd7 7. 0-0 0-0 8. Bg5 h6 9. Be3 Ng4 10. Bf4 Ngf6 11. Qd2 Kh7 12. Rad1 Nh5 13. Be3 Qc7 14. Ne1 Nhf6 15. f4 c5 16. d5 a6 17. Bf3 1/2-1/2

[Event "Niederbayernliga 1415"]
[Site "Bayern"]
[Date "2014.11.23"]
[Round "3.6"]
[White "Klinge, Andreas"]
[Black "Leyerseder, Lothar"]
[Result "1/2-1/2"]
[WhiteElo "1734"]
[BlackElo "1655"]
[PlyCount "28"]
[EventDate "2014.10.19"]
[EventType "team-tourn"]
[EventRounds "9"]
[EventCountry "GER"]
[SourceTitle "EXT 2023"]
[Source "ChessBase"]
[SourceDate "2022.10.05"]
[SourceVersion "1"]
[SourceVersionDate "2022.10.05"]
[SourceQuality "1"]
[WhiteTeam "Rottal II"]
[BlackTeam "Schaibing"]
[WhiteTeamCountry "GER"]
[BlackTeamCountry "GER"]

1. Nf3 g6 2. g3 d5 3. d4 Bg7 4. Bg2 Nf6 5. 0-0 0-0 6. b3 Nbd7 7. Bb2 b6 8. c4 Bb7 9. Nc3 dxc4 10. bxc4 e6 11. d5 exd5 12. Nxd5 Re8 13. Nxf6+ Bxf6 14. Bxf6 Nxf6 1/2-1/2

[Event "Niederbayernliga 1213"]
[Site "Bayern"]
[Date "2013.??.??"]
[Round "6"]
[White "Hoechtl, Alois"]
[Black "Leyerseder, Lothar"]
[Result "1-0"]
[WhiteElo "1757"]
[BlackElo "1655"]
[PlyCount "39"]
[EventDate "2012.10.14"]
[EventType "team-tourn"]
[EventRounds "9"]
[EventCountry "GER"]
[SourceTitle "EXT 2023"]
[Source "ChessBase"]
[SourceDate "2022.10.05"]
[SourceVersion "1"]
[SourceVersionDate "2022.10.05"]
[SourceQuality "1"]
[WhiteTeam "Rottal II"]
[BlackTeam "Schaibing"]
[WhiteTeamCountry "GER"]
[BlackTeamCountry "GER"]

1. e4 c6 2. d4 d5 3. Nc3 dxe4 4. Nxe4 Bf5 5. Ng3 Bg6 6. Nf3 e6 7. Be3 Bd6 8. Bd3 Bxd3 9. Qxd3 Nd7 10. 0-0 Ngf6 11. c4 c5 12. Ne4 Nxe4 13. Qxe4 b6 14. Bg5 Qc8 15. Rac1 h6 16. Bh4 0-0 17. Rfd1 cxd4 18. Qxd4 Bxh2+ 19. Kxh2 Nc5 20. b4 1-0

[Event "Niederbayernliga 1314"]
[Site "Bayern"]
[Date "2013.??.??"]
[Round "3"]
[White "Leyerseder, Lothar"]
[Black "Beutel, Hubert"]
[Result "1-0"]
[WhiteElo "1655"]
[BlackElo "1651"]
[PlyCount "27"]
[EventDate "2013.10.13"]
[EventType "team-tourn"]
[EventRounds "9"]
[EventCountry "GER"]
[SourceTitle "EXT 2023"]
[Source "ChessBase"]
[SourceDate "2022.10.05"]
[SourceVersion "1"]
[SourceVersionDate "2022.10.05"]
[SourceQuality "1"]
[WhiteTeam "Schaibing"]
[BlackTeam "Passau II"]
[WhiteTeamCountry "GER"]
[BlackTeamCountry "GER"]

1. d4 Nf6 2. Nf3 g6 3. e3 Bg7 4. Bd3 d5 5. c3 0-0 6. Nbd2 b6 7. e4 dxe4 8. Nxe4 Bb7 9. Nxf6+ exf6 10. 0-0 Nd7 11. Re1 c5 12. Be4 Bxe4 13. Rxe4 cxd4 14. Rxd4 1-0

[Event "Niederbayernliga 1213"]
[Site "Bayern"]
[Date "2013.??.??"]
[Round "9"]
[White "Leyerseder, Lothar"]
[Black "Trost, Bernhard"]
[Result "1/2-1/2"]
[WhiteElo "1655"]
[BlackElo "1621"]
[PlyCount "62"]
[EventDate "2012.10.14"]
[EventType "team-tourn"]
[EventRounds "9"]
[EventCountry "GER"]
[SourceTitle "EXT 2023"]
[Source "ChessBase"]
[SourceDate "2022.10.05"]
[SourceVersion "1"]
[SourceVersionDate "2022.10.05"]
[SourceQuality "1"]
[WhiteTeam "Schaibing"]
[BlackTeam "Geiselhoering"]
[WhiteTeamCountry "GER"]
[BlackTeamCountry "GER"]

1. d4 Nf6 2. Nf3 e6 3. c4 Bb4+ 4. Bd2 Bxd2+ 5. Nbxd2 d5 6. e3 0-0 7. Qc2 Qe7 8. Bd3 Nbd7 9. cxd5 Nxd5 10. Bxh7+ Kh8 11. Be4 c6 12. a3 N7f6 13. Bd3 Bd7 14. Ne4 Rac8 15. Qc5 Nxe4 16. Qxe7 Nxe7 17. Bxe4 f6 18. Rc1 Nd5 19. Nh4 Ne7 20. Ng6+ Nxg6 21. Bxg6 f5 22. Bh5 g6 23. Be2 Kg7 24. f4 Rh8 25. Kf2 Rh7 26. h4 Kf6 27. g3 Be8 28. Rc3 Rhc7 29. Rhc1 a6 30. b4 b5 31. Rc5 Rb8 1/2-1/2

[Event "Niederbayernliga 1213"]
[Site "Bayern"]
[Date "2013.??.??"]
[Round "8"]
[White "Viertlboeck, Johann"]
[Black "Leyerseder, Lothar"]
[Result "1-0"]
[WhiteElo "1598"]
[BlackElo "1655"]
[PlyCount "97"]
[EventDate "2012.10.14"]
[EventType "team-tourn"]
[EventRounds "9"]
[EventCountry "GER"]
[SourceTitle "EXT 2023"]
[Source "ChessBase"]
[SourceDate "2022.10.05"]
[SourceVersion "1"]
[SourceVersionDate "2022.10.05"]
[SourceQuality "1"]
[WhiteTeam "Aidenbach"]
[BlackTeam "Schaibing"]
[WhiteTeamCountry "GER"]
[BlackTeamCountry "GER"]

1. e4 c6 2. d4 d5 3. e5 Bf5 4. Bd3 Bxd3 5. Qxd3 e6 6. Nc3 c5 7. Qb5+ Qd7 8. Nf3 a6 9. Qd3 Nc6 10. Bf4 Nge7 11. dxc5 Ng6 12. Bg3 Bxc5 13. 0-0 0-0 14. Ne4 Be7 15. h4 Qc7 16. Neg5 h6 17. Nxe6 fxe6 18. Qxg6 Qd7 19. Rad1 b5 20. Nd4 Nd8 21. Rd3 Rc8 22. Qg4 Bc5 23. c3 Rc7 24. Bf4 Kh7 25. Rg3 Qf7 26. Be3 Bxd4 27. Bxd4 Qf5 28. Bb6 Qxg4 29. Rxg4 Rcf7 30. Bxd8 Rxd8 31. Rd4 Rc8 32. f4 g6 33. g3 h5 34. Kg2 Kh6 35. Kh3 Rf5 36. Ra1 Rf7 37. a4 Rc6 38. axb5 axb5 39. Rb4 Rb7 40. Ra5 Rcb6 41. g4 Kg7 42. Kg3 Kf7 43. Rd4 Rc7 44. Ra8 Rcb7 45. gxh5 gxh5 46. Rh8 Kg6 47. Rg8+ Rg7 48. Rxg7+ Kxg7 49. f5 1-0

[Event "Niederbayernliga 1314"]
[Site "Bayern"]
[Date "2013.??.??"]
[Round "2"]
[White "Woitylak, Steffen"]
[Black "Leyerseder, Lothar"]
[Result "1/2-1/2"]
[WhiteElo "1921"]
[BlackElo "1655"]
[PlyCount "50"]
[EventDate "2013.10.13"]
[EventType "team-tourn"]
[EventRounds "9"]
[EventCountry "GER"]
[SourceTitle "EXT 2023"]
[Source "ChessBase"]
[SourceDate "2022.10.05"]
[SourceVersion "1"]
[SourceVersionDate "2022.10.05"]
[SourceQuality "1"]
[WhiteTeam "Geiselhoering"]
[BlackTeam "Schaibing"]
[WhiteTeamCountry "GER"]
[BlackTeamCountry "GER"]

1. Nf3 Nf6 2. c4 c6 3. g3 d5 4. cxd5 cxd5 5. Bg2 e6 6. 0-0 Bd6 7. Nc3 0-0 8. d3 Bd7 9. e4 Bb4 10. Ne5 Bxc3 11. bxc3 dxe4 12. dxe4 Bb5 13. c4 Qxd1 14. Rxd1 Ba4 15. Rd2 Nbd7 16. Nxd7 Nxd7 17. Ba3 Rfe8 18. f4 e5 19. Bd6 Rac8 20. Rc1 b6 21. Bh3 f6 22. Rc3 Bc6 23. Rcd3 Ra8 24. Bxd7 Bxd7 25. fxe5 fxe5 1/2-1/2

[Event "Niederbayernliga 1213"]
[Site "Bayern"]
[Date "2012.10.14"]
[Round "1.7"]
[White "Leyerseder, Lothar"]
[Black "Kutschera, Gottlieb"]
[Result "1/2-1/2"]
[WhiteElo "1655"]
[BlackElo "1756"]
[PlyCount "37"]
[EventDate "2012.10.14"]
[EventType "team-tourn"]
[EventRounds "9"]
[EventCountry "GER"]
[SourceTitle "EXT 2023"]
[Source "ChessBase"]
[SourceDate "2022.10.05"]
[SourceVersion "1"]
[SourceVersionDate "2022.10.05"]
[SourceQuality "1"]
[WhiteTeam "Schaibing"]
[BlackTeam "Landau Dingolfing"]
[WhiteTeamCountry "GER"]
[BlackTeamCountry "GER"]

1. d4 c5 2. e4 cxd4 3. Qxd4 Nc6 4. Qd1 g6 5. Nf3 Bg7 6. Nc3 d6 7. Nb5 a6 8. Nbd4 Nxd4 9. Nxd4 Nf6 10. Bd3 Qb6 11. c3 0-0 12. h3 Nd7 13. Nb3 Ne5 14. Be2 Be6 15. Be3 Qc7 16. Nd4 Bc4 17. 0-0 Bxe2 18. Qxe2 Qc4 19. Qc2 1/2-1/2

[Event "Niederbayernliga 1213"]
[Site "Bayern"]
[Date "2012.??.??"]
[Round "4"]
[White "Kutheil, Rainer"]
[Black "Leyerseder, Lothar"]
[Result "1/2-1/2"]
[WhiteElo "1262"]
[BlackElo "1655"]
[PlyCount "35"]
[EventDate "2012.10.14"]
[EventType "team-tourn"]
[EventRounds "9"]
[EventCountry "GER"]
[SourceTitle "EXT 2023"]
[Source "ChessBase"]
[SourceDate "2022.10.05"]
[SourceVersion "1"]
[SourceVersionDate "2022.10.05"]
[SourceQuality "1"]
[WhiteTeam "Straubing SC"]
[BlackTeam "Schaibing"]
[WhiteTeamCountry "GER"]
[BlackTeamCountry "GER"]

1. e4 c6 2. Nf3 d5 3. exd5 cxd5 4. Ne5 Nf6 5. d4 Qb6 6. c3 Bf5 7. Nd2 Nc6 8. Nb3 Nxe5 9. dxe5 Ng4 10. Qd4 Qxd4 11. cxd4 g6 12. Bb5+ Bd7 13. Bxd7+ Kxd7 14. Nc5+ Kc6 15. Bd2 Nxe5 16. dxe5 Kxc5 17. Rc1+ Kb5 18. 0-0 1/2-1/2